| 000 | 00500nam a2200157 4500 | ||
|---|---|---|---|
| 008 | 010925s1653 us engYA | ||
| 090 |
_aBS2815.3 _bJ42 |
||
| 100 | 1 | _aJenkyn, William | |
| 245 | 1 | 0 |
_aAn exposition upon the epistle of Jude / _cby William Jenkyn. |
| 250 | _arev. and corrected | ||
| 260 |
_aPasadena : _bSoli Deo Gloria, _cc1653. |
||
| 300 | _a367 p. | ||
| 650 | 4 |
_aBible. N. T. Jude _xCommentaries. |
|
| 650 | 4 | _aSermons. | |
| 951 |
_p12471 _oBS2815.3/J42 _j070613111004875 _d2000-12-21 _cREF |
||
| 999 |
_c4176 _d4176 |
||